00585nam a22001697a 450000500170000001000150001702000260003203500140005803700130007208200130008524500960009826000380019427000990023230000420033170000240037370000180039720220510121014.0 aENG-132579 a9788178245362c795.00 aEN-116111 bDBAD/PUB a891.4b1 aNoval Formations:bThe Indian Beginnings of European Genre/cedited by Baidik Bhattacharya  aRanikhet bPermanent Black c2019 aHimalayana, Mall Road ,Ranikhet Cantt, Ranikhet -263645bRanikhet e263645mperblack@gmail.com a260pc23cm(hbk)bNote on Contributors aBaidik Bhattacharya aSambudha Sen